Couleurs des armées du Risk (mort subite) - Statistiques

Statistiques générales
  • Ce quiz a été pris 53 fois
  • Le résultat moyen est 4 sur 6
Answers on the Grid
Answers color-coded by a green-red scale on the quiz's grid according to % correct below.
Jaune
Marron
Gris
Bleu
Noir
Violet
Rose
Blanc
Vert
Rouge
 
Statistiques - réponses
Réponse % Correct
Jaune
82%
Rouge
79%
Vert
68%
Bleu
65%
Noir
44%
Rose
18%
Aucun quiz correspondant
Distribution des résultats
% des personnes avec chaque résultat
Percentile par nombre de réponses
Votre historique - résultats
Vous n’avez pas pris ce quiz